[Event "Madrid ch 2009/10 Semifinal B"]
[Site "Madrid ESP"]
[Date "2010.01.30"]
[Round "9.12"]
[White "Tome Vazquez, Oscar"]
[Black "Navas Jimenez, Julian"]
[Result "1/2-1/2"]
[WhiteElo "2022"]
[BlackElo "1962"]
[PlyCount "88"]
[EventDate "2010.01.08"]
[EventType "swiss"]
[EventRounds "9"]
[EventCountry "ESP"]
[Source "lmi"]
[SourceDate "2010.01.08"]

1. g3 Nf6 2. Bg2 d5 3. d3 c6 4. Nd2 Bg4 5. h3 Bh5 6. Ngf3 Nbd7 7. O-O e5 8. c4
e4 9. dxe4 dxe4 10. Ng5 e3 11. fxe3 Qc7 12. Qe1 Bd6 13. Nde4 Be5 14. Bd2 h6 15.
Nxf6+ Nxf6 16. Nf3 Bxg3 17. Qc1 Ne4 18. Bc3 Nxc3 19. Qxc3 O-O 20. a4 Rae8 21.
Rfd1 Qe7 22. Ra3 Bd6 23. Rb3 Bc5 24. Nd4 Bg6 25. Qe1 Qc7 26. a5 a6 27. Kh1 Ba7
28. Qf2 Bb8 29. Bf3 Be4 30. c5 Re5 31. Qg3 Qe7 32. Bxe4 Rxe4 33. Qg2 Re5 34. e4
Rg5 35. Nf5 Qe6 36. Qf3 Kh7 37. Rg1 Rxg1+ 38. Kxg1 Rd8 39. Rxb7 Rd1+ 40. Kf2
Qe5 41. Qg3 Qxc5+ 42. Qe3 Qe5 43. Qg3 Qc5+ 44. Qe3 Qe5 1/2-1/2

[Event "Madrid ch 2009/10 Semifinal B"]
[Site "Madrid ESP"]
[Date "2010.01.30"]
[Round "9.13"]
[White "Tirado Parra, Alberto"]
[Black "Vukotic Jovsic, Dragan"]
[Result "1/2-1/2"]
[WhiteElo "1957"]
[BlackElo "1984"]
[PlyCount "80"]
[EventDate "2010.01.08"]
[EventType "swiss"]
[EventRounds "9"]
[EventCountry "ESP"]
[Source "lmi"]
[SourceDate "2010.01.08"]

1. d4 Nf6 2. Nf3 e6 3. c4 d5 4. Nc3 Be7 5. Bg5 Nbd7 6. e3 O-O 7. Rc1 c6 8. Bd3
dxc4 9. Bxc4 Nd5 10. Bxe7 Qxe7 11. O-O Nxc3 12. Rxc3 e5 13. Bb3 exd4 14. exd4
Nf6 15. Re1 Qd6 16. Ne5 Be6 17. Bxe6 fxe6 18. Qb3 Rab8 19. Rce3 Nd5 20. Re4 Rf6
21. Qg3 Rd8 22. Ng4 Rg6 23. Qxd6 Rxd6 24. Ne5 Rf6 25. Nc4 Rd7 26. Rxe6 Rxe6 27.
Rxe6 Nb4 28. Ne5 Rd8 29. Re7 h6 30. h4 Nxa2 31. Rxb7 Rxd4 32. h5 Rd5 33. Nxc6
Rxh5 34. Rxa7 Nc1 35. b4 Rb5 36. Ra5 Rb6 37. Rc5 Nd3 38. Rc4 Nb2 39. Rc2 Nd3
40. Rc4 Nb2 1/2-1/2

[Event "Madrid ch 2009/10 Semifinal B"]
[Site "Madrid ESP"]
[Date "2010.01.30"]
[Round "9.14"]
[White "Morona Minguez, Irene"]
[Black "Garcia Serrano, Jose Manuel"]
[Result "0-1"]
[WhiteElo "1867"]
[BlackElo "1921"]
[PlyCount "102"]
[EventDate "2010.01.08"]
[EventType "swiss"]
[EventRounds "9"]
[EventCountry "ESP"]
[Source "lmi"]
[SourceDate "2010.01.08"]

1. e4 e5 2. Nf3 Nc6 3. Bb5 a6 4. Ba4 Nf6 5. O-O Nxe4 6. d4 exd4 7. Re1 d5 8.
Nxd4 Bd6 9. Nxc6 Bxh2+ 10. Kh1 Qh4 11. Rxe4+ dxe4 12. Qd8+ Qxd8 13. Nxd8+ Kxd8
14. Kxh2 Be6 15. c3 Ke7 16. Bf4 c5 17. Nd2 f5 18. f3 exf3 19. Nxf3 h6 20. Re1
Kf6 21. Be5+ Kf7 22. Bxg7 Rh7 23. Be5 Bxa2 24. Bd6 Rc8 25. Bd7 Rd8 26. Bxf5
Rhh8 27. Bxc5 Rhe8 28. Rxe8 Rxe8 29. Nd4 Re5 30. Bd6 Re1 31. Bc8 Bd5 32. Bg4
Rf1 33. Bf3 Bxf3 34. Nxf3 Ke6 35. Bc5 Kd5 36. Bf8 h5 37. Bg7 b5 38. Kh3 a5 39.
Bf8 Rh1+ 40. Kg3 Kc4 41. Nd2+ Kd3 42. Nb3 a4 43. Nd4 Kc4 44. Kf3 Rf1+ 45. Ke3
Rxf8 46. g3 Rf1 47. Kd2 Rf2+ 48. Kc1 b4 49. Nc2 b3 50. Ne3+ Kd3 51. Nd1 Rf1 0-1